Aktuální situace ve světové ekonomice a její perspektivy

Rast svetového HDP a svetovej výroby. Japonský katastrófa a jej vplyv na vývoj svetovej ekonomiky.

Gespeichert in:
Bibliographische Detailangaben
1. Verfasser: Sereghyová, Jana
Format: Buchkapitel
Sprache:Tschechisch
Schlagworte:
Tags: Tag hinzufügen
Keine Tags, Fügen Sie das erste Tag hinzu!

MARC

LEADER 00000naa a2200000 4500
001 0136118
005 20220928103002.0
041 0 |a cze 
044 |a CZ 
245 1 0 |a Aktuální situace ve světové ekonomice a její perspektivy  |c Jana Sereghyová 
520 |a Rast svetového HDP a svetovej výroby. Japonský katastrófa a jej vplyv na vývoj svetovej ekonomiky. 
610 2 0 |a hospodárstvo svetové 
610 2 0 |a prognózy hospodárske 
610 2 0 |a kríza hospodárska 
610 2 0 |a produkt domáci hrubý 
610 2 0 |a ukazovatele makroekonomické 
100 1 |a Sereghyová, Jana